000 00254nam a22001097a 4500
008 170126b xxu||||| |||| 00| 0 eng d
020 _a9781437718737
041 _aeng
080 _a61
245 _aCLINICS IN SPORT MEDICINE
_cMILLER, M.D
942 _2udc
_cBK
999 _c3701
_d3701